<?xml version="1.0" encoding="UTF-8"?>
<record
    xmlns:xsi="http://www.w3.org/2001/XMLSchema-instance"
    xsi:schemaLocation="http://www.loc.gov/MARC21/slim http://www.loc.gov/standards/marcxml/schema/MARC21slim.xsd"
    xmlns="http://www.loc.gov/MARC21/slim">

  <leader>05814nam a2200457 a 4500</leader>
  <controlfield tag="001">dia_3672</controlfield>
  <controlfield tag="003">CHAP</controlfield>
  <controlfield tag="005">20250227090712.0</controlfield>
  <controlfield tag="007">ta</controlfield>
  <controlfield tag="008">220601s2006    mx ade frm    001 0 spa d</controlfield>
  <datafield tag="040" ind1=" " ind2=" ">
    <subfield code="a">mxchpua</subfield>
    <subfield code="c">CHAP</subfield>
  </datafield>
  <datafield tag="041" ind1="0" ind2=" ">
    <subfield code="a">spa</subfield>
    <subfield code="b">eng</subfield>
  </datafield>
  <datafield tag="090" ind1=" " ind2=" ">
    <subfield code="a">Tesis</subfield>
    <subfield code="b">R63</subfield>
    <subfield code="c">2006</subfield>
  </datafield>
  <datafield tag="100" ind1="1" ind2=" ">
    <subfield code="a">Rodr&#xED;guez Garc&#xED;a, Roxana</subfield>
  </datafield>
  <datafield tag="240" ind1="1" ind2=" ">
    <subfield code="a">Analysis of technical and economical feasibility project for the installation of a processing plant of blackberry marmalade in Los Reyes, Mich.</subfield>
    <subfield code="l">Espa&#xF1;ol</subfield>
  </datafield>
  <datafield tag="245" ind1="1" ind2="0">
    <subfield code="a">Estudio de Factibilidad T&#xE9;cnico Econ&#xF3;mico para el establecimiento de una planta procesadora de mermelada de zarzamora en los Reyes, Mich. /</subfield>
    <subfield code="c">Roxana Rodr&#xED;guez Garc&#xED;a</subfield>
  </datafield>
  <datafield tag="264" ind1=" " ind2=" ">
    <subfield code="a">Chapingo, M&#xE9;xico :</subfield>
    <subfield code="b">El autor,</subfield>
    <subfield code="c">2006</subfield>
  </datafield>
  <datafield tag="300" ind1=" " ind2=" ">
    <subfield code="a">vi, 88 hojas :</subfield>
    <subfield code="b">ilustraciones, tablas, gr&#xE1;ficas, planos</subfield>
  </datafield>
  <datafield tag="336" ind1=" " ind2=" ">
    <subfield code="2">rdacontent</subfield>
    <subfield code="a">texto</subfield>
    <subfield code="b">txt</subfield>
  </datafield>
  <datafield tag="337" ind1=" " ind2=" ">
    <subfield code="2">rdamedia</subfield>
    <subfield code="a">no mediado</subfield>
    <subfield code="b">n</subfield>
  </datafield>
  <datafield tag="338" ind1=" " ind2=" ">
    <subfield code="2">rdacarrier</subfield>
    <subfield code="a">volumen</subfield>
    <subfield code="b">nc</subfield>
  </datafield>
  <datafield tag="502" ind1=" " ind2=" ">
    <subfield code="a">Tesis</subfield>
    <subfield code="b">(Ingeniero Agroindustrial) --</subfield>
    <subfield code="c">UACh. Departamento de Ingenier&#xED;a Agroindustrial,</subfield>
    <subfield code="d">2006</subfield>
  </datafield>
  <datafield tag="504" ind1=" " ind2=" ">
    <subfield code="a">Bibliograf&#xED;a : hojas </subfield>
  </datafield>
  <datafield tag="505" ind1=" " ind2=" ">
    <subfield code="a">1 plano : --
1. Distribuci&#xF3;n de la planta</subfield>
  </datafield>
  <datafield tag="520" ind1="3" ind2=" ">
    <subfield code="a">La zarzamora en los &#xFA;ltimos a&#xF1;os ha presentado un incremento en la superficie plantada y de producci&#xF3;n, esto a pesar de que es un cultivo costoso pero que tambi&#xE9;n es rentable. Michoac&#xE1;n el es principal Estado productor de esta frutilla en la Rep&#xFA;blica y dentro de el, Los Reyes es el municipio que presenta la mayor producci&#xF3;n en el Estado, con un estimado de 2,500.00 toneladas para el a&#xF1;o 2005, presentando rendimientos estimados de 10 toneladas/ha en este mismo a&#xF1;o de las cuales alrededor del 30% es destinada a proceso. Esto representa una oportunidad para el establecimiento de agroindustrias en la regi&#xF3;n. Por ello surge este estudio que ofrece una alternativa a los productores del municipio para dar valor agregado a su producto y as&#xED; ofrecer al mercado de consumo de las mermeladas un producto de alta calidad en presentaciones pr&#xE1;cticas. Para la realizaci&#xF3;n de este estudio se realiz&#xF3; un estudio t&#xE9;cnico y econ&#xF3;mico sobre el proyecto arrojando resultados importantes para la toma de decisi&#xF3;n. El proyecto requiere de una inversi&#xF3;n de $2,805,107.00, de los cuales el 89.8% ser&#xE1; financiado por un cr&#xE9;dito de av&#xED;o para el capital de trabajo y otro refaccionario para cubrir parte de la inversi&#xF3;n fija, estos cr&#xE9;ditos ser&#xE1;n solicitados a FIRA. El restante 10.2% ser&#xE1; aportaci&#xF3;n de los socios. La recuperaci&#xF3;n de la inversi&#xF3;n tomara 3 a&#xF1;os. El indicador que nos se&#xF1;ala si el proyecto es rentable es la TIR (Tasa Interna de Retorno) que resulto ser de 103.5% para la evaluaci&#xF3;n privada y 61.2% para la empresa, comparando estos valores con la TREMA (Tasa de Rentabilidad M&#xED;nima Aceptable) de 30% y al ser superiores resulta rentable el proyecto, adem&#xE1;s los valores del VAN (Valor Actual Neto) resultaron positivos. La relaci&#xF3;n beneficio/costo resulto ser de 1.53. Este proyecto no solo tiene beneficios econ&#xF3;micos sino tambi&#xE9;n sociales pues contribuye a la creaci&#xF3;n de empleos. Por todo lo anterior se recomienda la puesta en marcha de este proyecto por resultar factible tanto t&#xE9;cnica,  econ&#xF3;mica y socialmente.</subfield>
  </datafield>
  <datafield tag="520" ind1="3" ind2=" ">
    <subfield code="a">Blackberries in Mexico have shown in the last years an important increase in the planting hectarage. The State on Michoacan is the first producer of blackberry, and Los Reyes is the municipality with the greatest production of the Estate, with an estimated 2500.00 tons of fruit for the year 2005 with an estimated yield on 10 ton ha-1 of the total amount of amount about 30% is destine for processing. This represents an opportunity for the establishment of an agro industry in the zone. This study offers an alternative for growers of the municipality to give a plus to the value to their product and offer to the marmalade consumers a high quality product in a practical presentation (display). The analysis of this project was made with a technical and economical feasibility study, giving the necessary elements for the decisions taking. The project requires an investment of $2,805,107.00. The and the 89,8% of this amount will be financed trough a loan credit and part of the fix assets investments, this credits will be required to FIRA. The remaining 10,2% will be a contribution by the members. The period of recovery of the investment is of three years. The indicator TIR (Internal Revenue Rate) that tells if the project is profitable is resulted in a value of 103.5% for the partners evaluation and 61,2% in the evaluation of the project. Comparing these values with the TREMA (Minimum Acceptable Rate of Rentability) of 30%, the project proves to be rentable also considering the positive value of the VAN (Actual Net Value). The relation of benefit-cost resulted in 1.53. Beside this project also has a social benefit by contributing to the creation of new jobs. For all this reasons it is recommendable the installation and operation of this processing plant for its technical and economic feasibility and also for the social impact.</subfield>
  </datafield>
  <datafield tag="650" ind1="1" ind2="2">
    <subfield code="a">Zarzamora</subfield>
    <subfield code="2">atg</subfield>
    <subfield code="x">Mermeladas</subfield>
  </datafield>
  <datafield tag="650" ind1="1" ind2="3">
    <subfield code="a">Mermeladas  </subfield>
    <subfield code="2">atg</subfield>
    <subfield code="x">Plantas procesadoras de alimentos</subfield>
  </datafield>
  <datafield tag="650" ind1="1" ind2="3">
    <subfield code="a">Mermeladas  </subfield>
    <subfield code="2">atg</subfield>
    <subfield code="x">Iniciativa empresarial</subfield>
    <subfield code="z">M&#xE9;xico</subfield>
  </datafield>
  <datafield tag="650" ind1="1" ind2="3">
    <subfield code="a">Blackberries</subfield>
    <subfield code="2">atg</subfield>
    <subfield code="x">Jams</subfield>
  </datafield>
  <datafield tag="650" ind1="1" ind2="3">
    <subfield code="a">Jams</subfield>
    <subfield code="2">atg</subfield>
    <subfield code="x">Food processing plants</subfield>
  </datafield>
  <datafield tag="650" ind1="1" ind2="3">
    <subfield code="a">Jams</subfield>
    <subfield code="2">atg</subfield>
    <subfield code="x">Entrepreneurship</subfield>
    <subfield code="z">Mexico</subfield>
  </datafield>
  <datafield tag="700" ind1="1" ind2=" ">
    <subfield code="a">Garc&#xED;a Ch&#xE1;vez, Luis Ramiro</subfield>
    <subfield code="e">director</subfield>
  </datafield>
  <datafield tag="700" ind1="1" ind2=" ">
    <subfield code="a">Altamirano C&#xE1;rdenas, J. Reyes</subfield>
    <subfield code="e">asesor</subfield>
  </datafield>
  <datafield tag="700" ind1="1" ind2=" ">
    <subfield code="a">S&#xE1;nchez Pe&#xF1;a, Jos&#xE9; V&#xED;ctor</subfield>
    <subfield code="e">asesor</subfield>
  </datafield>
  <datafield tag="856" ind1=" " ind2=" ">
    <subfield code="u">http://10.13.5.2/tesis/103948.pdf</subfield>
    <subfield code="y">DESCARGAR PDF</subfield>
  </datafield>
  <datafield tag="901" ind1=" " ind2=" ">
    <subfield code="a">TESIS R63 2006</subfield>
  </datafield>
  <datafield tag="902" ind1=" " ind2=" ">
    <subfield code="a">M</subfield>
  </datafield>
  <datafield tag="905" ind1=" " ind2=" ">
    <subfield code="a">0000002006                          mx     0000000000spa00</subfield>
  </datafield>
  <datafield tag="942" ind1=" " ind2=" ">
    <subfield code="c">TESIS</subfield>
    <subfield code="2">Clasificaci&#xF3;n Universidad Aut&#xF3;noma Chapingo</subfield>
  </datafield>
  <datafield tag="999" ind1=" " ind2=" ">
    <subfield code="c">209378</subfield>
    <subfield code="d">209378</subfield>
  </datafield>
  <datafield tag="952" ind1=" " ind2=" ">
    <subfield code="0">0</subfield>
    <subfield code="1">0</subfield>
    <subfield code="2">local</subfield>
    <subfield code="4">0</subfield>
    <subfield code="5">1</subfield>
    <subfield code="7">0</subfield>
    <subfield code="8">TESIS</subfield>
    <subfield code="a">IA_</subfield>
    <subfield code="b">IA_</subfield>
    <subfield code="d">2025-02-27</subfield>
    <subfield code="e">El autor</subfield>
    <subfield code="l">0</subfield>
    <subfield code="o">Tesis R63 2006</subfield>
    <subfield code="p">1101015334</subfield>
    <subfield code="r">2026-02-02 00:00:00</subfield>
    <subfield code="t">Ej.1</subfield>
    <subfield code="w">2025-02-27</subfield>
    <subfield code="y">TESIS</subfield>
  </datafield>
  <datafield tag="952" ind1=" " ind2=" ">
    <subfield code="0">0</subfield>
    <subfield code="1">0</subfield>
    <subfield code="2">local</subfield>
    <subfield code="4">0</subfield>
    <subfield code="5">5</subfield>
    <subfield code="7">0</subfield>
    <subfield code="8">TESIS</subfield>
    <subfield code="a">IA_</subfield>
    <subfield code="b">IA_</subfield>
    <subfield code="d">2025-02-27</subfield>
    <subfield code="e">El autor</subfield>
    <subfield code="l">0</subfield>
    <subfield code="o">Tesis R63 2006</subfield>
    <subfield code="p">1101015335</subfield>
    <subfield code="r">2026-02-02 00:00:00</subfield>
    <subfield code="t">Ej.2</subfield>
    <subfield code="w">2025-02-27</subfield>
    <subfield code="y">TESIS</subfield>
  </datafield>
  <datafield tag="952" ind1=" " ind2=" ">
    <subfield code="0">0</subfield>
    <subfield code="1">0</subfield>
    <subfield code="2">local</subfield>
    <subfield code="4">0</subfield>
    <subfield code="7">0</subfield>
    <subfield code="8">TesDigL</subfield>
    <subfield code="a">IA_</subfield>
    <subfield code="b">IA_</subfield>
    <subfield code="c">E_L</subfield>
    <subfield code="d">2025-02-27</subfield>
    <subfield code="e">El autor</subfield>
    <subfield code="l">0</subfield>
    <subfield code="p">1201015334</subfield>
    <subfield code="r">2025-02-27 09:15:05</subfield>
    <subfield code="w">2025-02-27</subfield>
    <subfield code="y">TD</subfield>
  </datafield>
</record>
